Погрешность подсчета ресурсов по геохимическим данным; Известия Томского политехнического университета [Известия ТПУ]; Т. 304, вып. 1 : Геология, поиски и разведка полезных ископаемых Сибири

Bibliografske podrobnosti
Parent link:Известия Томского политехнического университета [Известия ТПУ]/ Томский политехнический университет (ТПУ).— , 2000-
Т. 304, вып. 1 : Геология, поиски и разведка полезных ископаемых Сибири.— 2001.— [С. 154-159]
Glavni avtor: Боярко Г. Ю. Григорий Юрьевич
Izvleček:Заглавие с титульного листа
Электронная версия печатной публикации
Геохимические данные имеют погрешность определения, как и рассчитанные на их основе прогнозные ресурсы. На основе теории ошибок можно оценить достоверность выделенных геохимических аномалий и погрешность расчета прогнозных ресурсов. Снизить уровень ошибки при оценке геохимических аномалий возможно двумя способами: повышая точность лабораторного анализа и увеличивая объем и детальность геохимического опробования в пределах выделенных аномальных площадей.
Jezik:ruščina
Izdano: 2001
Serija:Полезные ископаемые, методы их поисков и разведки
Teme:
Online dostop:http://www.lib.tpu.ru/fulltext/v/Bulletin_TPU/2001/v304/16.pdf
Format: Elektronski Book Chapter
KOHA link:https://koha.lib.tpu.ru/cgi-bin/koha/opac-detail.pl?biblionumber=162941

MARC

LEADER 00000nla2a2200000 4500
001 162941
005 20240124100250.0
035 |a (RuTPU)RU\TPU\book\176729 
035 |a RU\TPU\book\176725 
090 |a 162941 
100 |a 20090629d2001 k y0rusy50 ca 
101 0 |a rus 
102 |a RU 
135 |a drnn ---uucaa 
181 0 |a i  
182 0 |a b 
200 1 |a Погрешность подсчета ресурсов по геохимическим данным  |f Г. Ю. Боярко 
203 |a Текст  |c электронный 
215 |a 1 файл (873 Кб) 
225 1 |a Полезные ископаемые, методы их поисков и разведки 
300 |a Заглавие с титульного листа 
300 |a Электронная версия печатной публикации 
320 |a [Библиогр.: с. 159 (5 назв.)] 
330 |a Геохимические данные имеют погрешность определения, как и рассчитанные на их основе прогнозные ресурсы. На основе теории ошибок можно оценить достоверность выделенных геохимических аномалий и погрешность расчета прогнозных ресурсов. Снизить уровень ошибки при оценке геохимических аномалий возможно двумя способами: повышая точность лабораторного анализа и увеличивая объем и детальность геохимического опробования в пределах выделенных аномальных площадей. 
337 |a Adobe Reader 
461 1 |0 (RuTPU)RU\TPU\book\176237  |t Известия Томского политехнического университета [Известия ТПУ]  |f Томский политехнический университет (ТПУ)  |d 2000- 
463 1 |0 (RuTPU)RU\TPU\book\176705  |t Т. 304, вып. 1 : Геология, поиски и разведка полезных ископаемых Сибири  |o тематический выпуск  |f под ред. А. Ф. Коробейникова  |v [С. 154-159]  |d 2001  |p 343 с. 
610 1 |a геохимические данные 
610 1 |a теория ошибок 
610 1 |a погрешности 
610 1 |a прогнозные ресурсы 
610 1 |a труды учёных ТПУ 
610 1 |a электронный ресурс 
610 1 |a геохимические аномалии 
700 1 |a Боярко  |b Г. Ю.  |c экономист  |c заведующий кафедрой Томского политехнического университета, доктор экономических наук  |f 1954-  |g Григорий Юрьевич  |3 (RuTPU)RU\TPU\pers\26105  |9 11935 
801 1 |a RU  |b 63413507  |c 20090623  |g PSBO 
801 2 |a RU  |b 63413507  |c 20210318  |g PSBO 
856 4 |u http://www.lib.tpu.ru/fulltext/v/Bulletin_TPU/2001/v304/16.pdf 
942 |c CF